| 000 | 01053nkm a2200349 b 4500 | ||
|---|---|---|---|
| 001 | 002869 | ||
| 003 | DO-SdBNP | ||
| 005 | 20180125133104.0 | ||
| 007 | 002869 | ||
| 008 | 060721s2001 sp spa | ||
| 016 | 7 |
_a _2BPMSU |
|
| 017 |
_a _b |
||
| 035 | _a | ||
| 040 |
_aBPMSU _bspa _cBPMSU _e |
||
| 082 |
_a823.91 _bR69h |
||
| 100 | _4Rowling, J. K., 1965- | ||
| 240 | _a Harry potter and the Prisioner of Azkaban. | ||
| 245 | 1 | 0 |
_aHarry Potter y el Prisionero de Azkaban / _cJ. K. Rowling ; traducción de Adolfo Muñoz García y Nieves Martín Azofra. _h _b |
| 250 | _38a. ed. | ||
| 260 |
_aBarcelona : _bSalamandra, _c2001 _e _f |
||
| 300 |
_a 359 p. ; _c22 cm. |
||
| 650 | _2NOVELA INGLESA | ||
| 650 | _2MAGIA - NOVELA | ||
| 650 | _2BRUJERÍA - NOVELA | ||
| 653 | _aCine | ||
| 700 |
_a Muñoz Garcia, Adolfo _etr. |
||
| 700 |
_aMartín Azofra, Nieves _e tr. |
||
| 942 |
_2ddc _cBK |
||
| 945 | _aInventariado extranjero / 2018 VM | ||
| 956 |
_a VMATEO _b10 _c20160708 _dBPMSU _f00069 |
||
| 980 |
_a _a _b _j _c |
||
| 999 |
_c9143 _d9143 |
||